书目信息 |
| 题名: |
中西建筑文化保护与传承研究
|
|
| 作者: | 范文玲 , 许韶华 著 | |
| 分册: | ||
| 出版信息: | 北京 中国水利水电出版社 2019 |
|
| 页数: | 265页 | |
| 开本: | 24cm | |
| 丛书名: | ||
| 单 册: | ||
| 中图分类: | TU-09 | |
| 科图分类: | ||
| 主题词: | 建筑文化--jian zhu wen hua--保护--研究--中国--西方国家 | |
| 电子资源: | ||
| ISBN: | 978-7-5170-6515-9 | |
| 000 | 01303nam0 2200265 450 | |
| 001 | 012001002989 | |
| 005 | 20191204103208.23 | |
| 010 | @a978-7-5170-6515-9@dCNY81.00 | |
| 099 | @aCAL 012019039462 | |
| 100 | @a20190402d2019 em y0chiy50 ea | |
| 101 | 0 | @achi |
| 102 | @aCN@b110000 | |
| 105 | @aa a 000yy | |
| 106 | @ar | |
| 200 | 1 | @a中西建筑文化保护与传承研究@Azhong xi jian zhu wen hua bao hu yu chuan cheng yan jiu@f范文玲, 许韶华著 |
| 210 | @a北京@c中国水利水电出版社@d2019 | |
| 215 | @a265页@c图 (部分彩图)@d24cm | |
| 320 | @a有书目 (第260-262页) | |
| 330 | @a21世纪是一个高度国际化、科技化、民主化和多元化的脑力劳动密集型的知识经济时代,同时也伴随着一定程度的文明冲突,以及环境保护、资源分配、经济发展等诸多尖锐矛盾问题。本书试将人类从造成的文化冲突中唤醒,通过多元参照、互动认知的思维方式实现对文化的反思、自觉与对话。本书站在全球化视野下,考察中西建筑文化保护策略的演进与融合,如“保护”“维修”“改善”“改造与拆除”“环境整治”等策略的联系与区别等,同时探讨非遗视域、美学视域下的建筑文化传承,最后进行中西建筑文化保护策略的比较研究。 | |
| 606 | 0 | @a建筑文化@Ajian zhu wen hua@x保护@x研究@y中国@y西方国家 |
| 690 | @aTU-09@v5 | |
| 701 | 0 | @a范文玲@Afan wen ling@4著 |
| 701 | 0 | @a许韶华@Axu shao hua@4著 |
| 801 | 0 | @aCN@b北京卓展@c20191020 |
| 905 | @b1210000-3@dTU-09@e208@f4 | |
| 中西建筑文化保护与传承研究/范文玲, 许韶华著.-北京:中国水利水电出版社,2019 |
| 265页:图 (部分彩图);24cm |
| ISBN 978-7-5170-6515-9:CNY81.00 |
| 21世纪是一个高度国际化、科技化、民主化和多元化的脑力劳动密集型的知识经济时代,同时也伴随着一定程度的文明冲突,以及环境保护、资源分配、经济发展等诸多尖锐矛盾问题。本书试将人类从造成的文化冲突中唤醒,通过多元参照、互动认知的思维方式实现对文化的反思、自觉与对话。本书站在全球化视野下,考察中西建筑文化保护策略的演进与融合,如“保护”“维修”“改善”“改造与拆除”“环境整治”等策略的联系与区别等,同时探讨非遗视域、美学视域下的建筑文化传承,最后进行中西建筑文化保护策略的比较研究。 |
| ● |
| 相关链接 |
|
|
|
|
正题名:中西建筑文化保护与传承研究
索取号:TU-09/208
 
预约/预借
| 序号 | 登录号 | 条形码 | 馆藏地/架位号 | 状态 | 备注 |
| 1 | 1210000 | 212100000 | 第二样本阅览室/ [索取号:TU-09/208] | 在馆 | |
| 2 | 1210001 | 212100019 | 第三借阅区/ [索取号:TU-09/208] | 在馆 | |
| 3 | 1210002 | 212100028 | 第三借阅区/ [索取号:TU-09/208] | 在馆 | |
| 4 | 1210003 | 212100037 | 第三借阅区/ [索取号:TU-09/208] | 在馆 |